Obfuscated Veracious or Fallacious - Statistics

General Stats
  • This quiz has been taken 33 times
  • The average score is 6 of 10
Answer Stats
Question Answer % Correct
It is apropos to adumbrate that a canine with myriad hackles is likely hirsute. Veracious
88%
Supercilious scenesters countenance philistine neophytes in their coterie. Fallacious
75%
Ennui stricken milquetoasts with perfunctory sinecures have vivacious vocations. Fallacious
75%
Bioluminescence can effulgently coruscate and thereby expunge umbra. Veracious
63%
The American zeitgeist has extirpated the adipose and the Brobdingnagian. Fallacious
50%
A bellicose pugilist would never deign to contrive fisticuffs. Fallacious
50%
Misologist Luddites espoused the vitiation of neoteric artifices. Veracious
50%
Apotheosis is the raison d’être for overzealous supplicants who desiderate to be celestialized. Veracious
50%
An inveterate vulpine harbinger could aptly beseech a venator to fabricate a springe. Veracious
50%
The jejune garrulity of the interlocutor beguiled the assemblage. Fallacious
13%
No matching quizzes found
Score Distribution
Percent of People with Each Score
Percentile by Number Answered
Your Score History
You have not taken this quiz